Animaux par Crâne (Âmes sensibles, s'abstenir) - Statistiques

Statistiques générales
  • Ce quiz a été pris 110 fois
  • Le résultat moyen est 11 sur 18
Statistiques - réponses
Par images Réponse % Correct
Humain
100%
Cerf
98%
Gorille
89%
Chien
85%
Éléphant
81%
Rhinocéros
75%
Chèvre
70%
Baleine
69%
Vache
68%
Cheval
67%
Chat
66%
Girafe
54%
Hippopotame
54%
Lion
52%
Poulet
48%
Lapin
43%
Ours
16%
Cochon
7%
Aucun quiz correspondant
Distribution des résultats
% des personnes avec chaque résultat
Percentile par nombre de réponses
Votre historique - résultats
Vous n’avez pas pris ce quiz